| 000 | 01102cam a22003377a 4500 | ||
|---|---|---|---|
| 003 | CHAP | ||
| 005 | 20220329135223.0 | ||
| 008 | 971013s1972 r 00010 d | ||
| 010 | _a32857 | ||
| 011 | _a33829 | ||
| 035 | _a37945 | ||
| 040 | _cCHAP | ||
| 082 |
_a631.42 _bL6 1972 |
||
| 100 | 0 | 0 |
_aLópez Ritas, Julio. _968274 |
| 245 | 1 | 3 |
_aEl diagnóstico de suelos y plantas _b: métodos de campo y laboratorio |
| 250 | _a2 ed. rev. | ||
| 260 |
_aMadrid : _bMundi-Prensa, _c1972 |
||
| 300 |
_a286 p. _b: ilus. ; gráfs. |
||
| 590 |
_aBATCH-UPD _b10 _c20130110 _lUCH01 _h0000 |
||
| 590 |
_aBATCH-UPD _b10 _c20130110 _lUCH01 _h1919 |
||
| 590 |
_aBATCH-UPD _b10 _c20130409 _lUCH01 _h1934 |
||
| 590 |
_aBATCH-UPD _b10 _c20130410 _lUCH01 _h1246 |
||
| 590 |
_aBATCH-UPD _b10 _c20130914 _lUCH01 _h1733 |
||
| 590 |
_aCONVERSION _b10 _c20130109 _lUCH01 _h1318 |
||
| 650 | 1 | 4 |
_aPlantas _xDeficiencias nutritivas. _988812 |
| 650 | 1 | 4 |
_aQuímica vegetal. _993602 |
| 650 | 1 | 4 |
_aSuelos _xAnálisis. _9110204 |
| 901 | _aBK | ||
| 942 | _cLIBRO | ||
| 949 |
_a631.42 L6 1972 _bBC _cLIBRO _d-86929 _eLIBRO _h44923 _i37945 _si _t330.00 |
||
| 999 |
_c32857 _d32857 |
||